[Event "Werner-Ott-Open Kreuzberger Sommer 2018"]
[Site "Berlin"]
[Date "2018.07.08"]
[Round "9.19"]
[White "Matitschka, Heinz"]
[Black "Jansen, Robert"]
[Result "1-0"]
[WhiteElo "1939"]
[BlackElo "1748"]
[Annotator "Lange,A1&BB_R_640941"]
[PlyCount "37"]
[EventDate "2018.06.30"]
[EventType "swiss"]
[EventRounds "9"]
[EventCountry "GER"]
[SourceTitle "WOOKS_2018_R9"]
[Source "Andreas Lange"]
[SourceDate "2018.07.08"]
[SourceVersion "1"]
[SourceVersionDate "2018.07.08"]
[SourceQuality "1"]
[WhiteTeam "TSG Oberschoeneweide"]
[BlackTeam "SC Kreuzberg"]
[WhiteTeamCountry "GER"]
[BlackTeamCountry "GER"]

{D45: Damengambit (Anti-Meraner Variante)} 1. d4 d5 2. c4 c6 3. Nc3 e6 4. e3
Nf6 5. Nf3 Bd6 6. b3 O-O 7. Be2 Nbd7 8. O-O Re8 9. Bb2 Ne4 $146 (9... a6 10. a4
Qe7 {Pritchett,C (2345)-Borik,O (2415), 2. Bundesliga Nord 1994/95,
Deutschland 1995, 0-1 (51)}) 10. Qc2 f5 11. Nxe4 fxe4 12. Ne5 Qg5 13. f4 exf3
14. Rxf3 Nxe5 15. dxe5 Bxe5 16. Bxe5 Qxe5 17. Raf1 Bd7 18. Bd3 Qh5 19. Rh3 1-0

[Event "Werner-Ott-Open Kreuzberger Sommer 2018"]
[Site "Berlin"]
[Date "2018.07.08"]
[Round "9.41"]
[White "Zhou, Lepu Coco"]
[Black "Toth, Hans Juergen"]
[Result "1-0"]
[WhiteElo "1641"]
[BlackElo "1464"]
[Annotator "Lange,A1&BB_R_640941"]
[PlyCount "71"]
[EventDate "2018.06.30"]
[EventType "swiss"]
[EventRounds "9"]
[EventCountry "GER"]
[SourceTitle "WOOKS_2018_R9"]
[Source "Andreas Lange"]
[SourceDate "2018.07.08"]
[SourceVersion "1"]
[SourceVersionDate "2018.07.08"]
[SourceQuality "1"]
[WhiteTeam "Schachpinguine Berlin"]
[BlackTeam "SF Zehdenick"]
[WhiteTeamCountry "GER"]
[BlackTeamCountry "GER"]

{[%mdl 8256] Auf vielfachen Wunsch einer einzelnen Dame veröffentlicht. Und
zur Warnung! C18: Franzoesische Verteidigung (Nimzowitsch-Variante)} 1. e4 e6
2. d4 d5 3. Nc3 Bb4 4. e5 c5 5. a3 Bxc3+ 6. bxc3 Ne7 7. Nf3 O-O (7... h6 8. a4
b6 9. Bb5+ Bd7 10. O-O Bxb5 11. axb5 Nd7 12. Qe2 Qc7 13. Ba3 O-O 14. c4 {
Akopian,V (2648)-Naumann,A (2545) Berlin Meierei Bolle Blitz WM 2015 0-1 (65)})
8. Bd3 h6 $146 (8... c4 9. Bxh7+ Kh8 10. Ng5 g6 11. Qf3 Nf5 12. Qh3 Kg7 13.
Bxg6 (13. g4) 13... Rh8 14. Nxf7 Rxh3 15. Nxd8 Kxg6 16. gxh3 {Koerber,B (1567)
-Toth,H (1623) Berlin 2016 1-0 (31)}) 9. O-O c4 10. Be2 Nd7 11. Be3 f5 12. Qd2
Kh7 13. Ne1 Ng6 14. f4 Nb6 15. Rf3 Bd7 16. Rg3 Be8 17. Nf3 Nh4 18. Qe1 Nxf3+
19. Bxf3 Na4 20. Bd2 b5 21. Rh3 Rb8 22. g4 Bg6 23. g5 Qe8 24. Qh4 h5 25. Kh1
Rh8 26. Rg1 Kg8 27. Qe1 Bf7 {Nur etwas unvorsichtig.} 28. g6 $1 $18 Bxg6 29.
Qg3 Rh6 30. Bxh5 $1 Rb7 31. Bxg6 Rxh3 32. Qxh3 Rf7 33. Qh7+ Kf8 34. Be1 $1 Ke7
35. Bxf7 Qxf7 36. Rxg7 1-0